000 00697nam a2200289Ia 4500
005 20260324141152.0
008 008 260324s9999 xx 000 0 eng d
020 _a9781003082071
037 _aEBOOK
040 _aCRL
040 _beng
040 _cCRL
041 _2eng
041 _aeng
084 _qCRL
100 _aPhilip Lawson
_91207183
245 2 _aA Taste for Empire and Glory
245 0 _bStudies in British Overseas Expansion, 1600–1800
260 _bTaylor and Francis
260 _c1997
365 _a
365 _b135
856 _uhttp://www.taylorfrancis.com/books/9781003082071
942 _cEBOOK
999 _c1809982
_d1809982